Projective and euclidean geometry
Guardat en:
| Autor principal: | |
|---|---|
| Format: | Llibre |
| Idioma: | anglès |
| Publicat: |
Nueva York
John Wiley & Sons
1969
|
| Edició: | 2a. ed |
| Matèries: | |
| Etiquetes: |
Afegir etiqueta
Sense etiquetes, Sigues el primer a etiquetar aquest registre!
|
MARC
| LEADER | 00000nam a2200000 a 4500 | ||
|---|---|---|---|
| 001 | UCQ9257 | ||
| 003 | CL-VaPUC | ||
| 008 | 981230e19690000US |||||||||||||||||eng|d | ||
| 082 | 0 | 4 | |a 516.372 |b FIS |2 21 |
| 100 | 0 | |a Fishback, W. T |e author |9 423750 | |
| 245 | 1 | 0 | |a Projective and euclidean geometry |
| 250 | |a 2a. ed | ||
| 300 | |a 298 p | ||
| 942 | |c BK | ||
| 945 | |d 19981230 00:00:00 |a crobeson | ||
| 260 | |a Nueva York |b John Wiley & Sons |c 1969 | ||
| 650 | 7 | |a GEOMETRIA EUCLIDEA |2 CL-VaPUC |9 359752 | |
| 650 | 7 | |a GEOMETRIA PROYECTIVE |2 CL-VaPUC |9 423751 | |
| 650 | 7 | |a GEOMETRIA AFIN |2 CL-VaPUC |9 271228 | |
| 650 | 0 | |a Álgebra vectorial |9 269971 | |
| 583 | |a last modification |c 19981230 00:00:00 |k Rodrigo Vera | ||
| 999 | |c 278335 |d 278333 | ||
| 952 | |0 0 |1 0 |4 0 |6 516_372000000000000_FIS_1969 |7 0 |8 A |9 316825 |a BIBMAT |b BIBMAT |d 2019-11-20 |i 1313991 |o 516.372 FIS 1969 |p 1313991 |r 2025-01-07 |w 2019-11-20 |y BK |k MAT | ||